|
|
|
|
| LEADER |
01159nam a22003012a 4500 |
| 001 |
000867401 |
| 003 |
CZ BrMZK |
| 005 |
20101025163852.0 |
| 007 |
ta |
| 008 |
070924s1985 xr af er|||||||||||cze d |
| 015 |
|
|
|a cnb000013132
|
| 020 |
|
|
|q (Brož.)
|
| 035 |
|
|
|a (OCoLC)39405158
|
| 040 |
|
|
|a ABA001
|b cze
|d ABA001
|
| 080 |
9 |
|
|a 582
|
| 100 |
1 |
|
|a Knížetová, Ludmila
|7 mzk2010605327
|4 aut
|
| 245 |
1 |
0 |
|a Vyhynulé a ohrožené druhy vyšších rostlin Středočeského kraje a Prahy /
|c text Ludmila Knížetová, Vladimír Skalický ; snímky A. Klaudisová... [aj.] ; graf. úprava Přemysl Rolčík
|
| 260 |
|
|
|a Praha :
|b Středisko st. památkové péče a ochrany přírody Středočes. kraje,
|c 1985
|
| 300 |
|
|
|a 32 s. :
|b [30] s. fot. ;
|c 15 cm
|
| 504 |
|
|
|a Obsahuje bibliografii
|
| 500 |
|
|
|a Vyhynulé a nezvěstné druhy Středočes. kraje a Prahy
|
| 500 |
|
|
|a Fot. na předsádkách
|
| 500 |
|
|
|a Frontispis
|
| 700 |
1 |
|
|a Skalický, Vladimír,
|d 1930-1994
|7 jk01111464
|4 aut
|
| 910 |
|
|
|a BOA001
|b 1-0898.077
|
| 990 |
|
|
|a BK
|
| 991 |
|
|
|b 200709
|
| 996 |
6 |
|
|b 2619595732
|c 1-0898.077
|l MZK
|r Sklad / do 1 hodiny
|n 0
|w 000867401
|u 000010
|a 1
|e BOA001
|j MZK50
|s P
|